Stack V Dowden (Record no. 78804)

MARC details
000 -LEADER
fixed length control field 01361cad a22002055a 4500
001 - CONTROL NUMBER
control field L138158
008 - FIXED-LENGTH DATA ELEMENTS--GENERAL INFORMATION
fixed length control field 070521s2007 xxk f w f000 0 eng d
035 ## - SYSTEM CONTROL NUMBER
System control number (Sirsi) u138158
041 0# - LANGUAGE CODE
Language code of text/sound track or separate title eng
245 00 - TITLE STATEMENT
Title Stack V Dowden
Medium [electronic resource]
260 ## - PUBLICATION, DISTRIBUTION, ETC.
Date of publication, distribution, etc. 2007
520 ## - SUMMARY, ETC.
Summary, etc. [2007] UKHL 17, 25 April 2007. Appeal by S against decision that his beneficial shares in a property purchased with his then partner D could not reasonably be considered to be equal. It had been held that consideration should be given to the greater contribution by D to the purchase of the house, from her savings and the sale of her previous property. She had also contributed more towards the mortgage payments. "Held": Despite living together for many years and having children, D and S had kept their finances rigidly separate. It could not reasonably be assumed that they had intended their beneficial shares in the house to be equal, particularly given D's greater contributions to the purchase and mortgage. The appeal was dismissed.
590 ## - LOCAL NOTE (RLIN)
Local note KA
650 24 - SUBJECT ADDED ENTRY--TOPICAL TERM
Topical term or geographic name entry element STACK V DOWDEN
650 24 - SUBJECT ADDED ENTRY--TOPICAL TERM
Topical term or geographic name entry element OXLEY V HISCOCK
651 #4 - SUBJECT ADDED ENTRY--GEOGRAPHIC NAME
Geographic name England and Wales
Chronological subdivision 1543-
690 ## - LOCAL SUBJECT ADDED ENTRY--TOPICAL TERM (OCLC, RLIN)
Topical term or geographic name as entry element PROPERTY-RESIDENTIAL PROPERTY
856 40 - ELECTRONIC LOCATION AND ACCESS
Uniform Resource Identifier <a href="https://www.publications.parliament.uk/pa/ld200607/ldjudgmt/jd070425/stack-1.htm">https://www.publications.parliament.uk/pa/ld200607/ldjudgmt/jd070425/stack-1.htm</a>
Public note View the item free of charge at www.publications.parliament.uk
942 ## - ADDED ENTRY ELEMENTS (KOHA)
Suppress in OPAC 0
Holdings
Withdrawn status Lost status Source of classification or shelving scheme Damaged status Not for loan Home library Current library Shelving location Date acquired Total Checkouts Full call number Barcode Date last seen Copy number Price effective from Koha item type
    Dewey Decimal Classification     Virtual Virtual Online 21/05/2007   ONLINE PUBLICATION 138158-2001 06/08/2019 1 06/08/2019 Journal article